00587nam a2200181 a 45000010005000000030005000050050017000100080041000270200015000680400020000831000039001032450137001422600025002793000011003044900034003156500028003496500028003771572CDMR20131125132617.0130130s1987||||||||||||||||||||||||||||d a8430913750 aCDMRbcatcCDMR1 aBerdugo Gomez de La Torre, Ignacio10aHonor y libertad de expresiónb: las causas de justificación en los delitos contra el honorcIgnacio Berdugo Gómez de la Torre aMadridc1987bTecnos a127 p.0 aCiencias Jurídicas (Tecnos)04aLlibertat d'expressió04aDelictes contra l'honor